000 00613nam a2200265Ia 4500
005 20260306163825.0
008 008 260114s9999 xx 000 0 eng d
020 _a9781781706145
037 _aEBOOK
040 _aCRL
040 _beng
040 _cCRL
041 _2eng
041 _aeng
084 _qCRL
100 _aPearson
245 3 _aAn Ethnography Of English Football Fans
260 _bManchester University Press
260 _c2014
650 _aSocial Work
856 _uhttps://academic.oup.com/book/16284
942 _cEBOOK
999 _c1711637
_d1711637